000 00599nam a2200193Ia 4500
003 IN-BaIIA
008 211028s9999 xx 000 0 eng d
020 _a0-521-23385-2
040 _cIIA Library
080 _a524.834
_bBIR
100 _aBirrell, N. D.
_912627
245 0 _aQuantum fields in curved space
_cN. D. Birrell and P. C. W. Davies
260 _aCambridge
_bCambridge University Press
_c1982
300 _aix, 340p.
650 _aNASA thesaurus
650 _aQuantum field theory
_96197
700 _aDavies, P. C. W.
_98554
942 _cBK
999 _c7366
_d7366